书目信息 |
| 题名: |
中华二千年史
|
|
| 作者: | 邓之诚 著 ;李肇翔 点校 | |
| 分册: | 卷二 两晋及南北朝 | |
| 出版信息: | 北京 中华书局 2019 |
|
| 页数: | 327页 | |
| 开本: | 21cm | |
| 丛书名: | ||
| 单 册: | ||
| 中图分类: | K22 , K235 | |
| 科图分类: | ||
| 主题词: | 中国历史--zhong guo li shi--古代史 , 魏晋南北朝时代--wei jin nan bei chao shi dai--历史 | |
| 电子资源: | ||
| ISBN: | 978-7-101-13844-3 | |
| 000 | 00924nam0 2200265 450 | |
| 001 | 011029202414 | |
| 005 | 20211031090821.87 | |
| 010 | @a978-7-101-13844-3@dCNY36.00(全9册320.00) | |
| 100 | @a20190910d2019 em y0chiy0120 ea | |
| 101 | 0 | @achi |
| 102 | @aCN@b110000 | |
| 105 | @ay z 000yy | |
| 106 | @ar | |
| 200 | 1 | @a中华二千年史@Azhong hua er qian nian shi@h卷二@i两晋及南北朝@f邓之诚著@g李肇翔点校 |
| 210 | @a北京@c中华书局@d2019 | |
| 215 | @a327页@d21cm | |
| 330 | @a本书介绍了两晋及南北朝的历史,内容包括:晋及十六国世系、南北朝世系、两晋南北朝制度、两晋及南北朝之社会。 | |
| 606 | 0 | @a中国历史@Azhong guo li shi@x古代史 |
| 606 | 0 | @a魏晋南北朝时代@Awei jin nan bei chao shi dai@x历史 |
| 690 | @aK22@v5 | |
| 690 | @aK235@v5 | |
| 701 | 0 | @a邓之诚@Adeng zhi cheng@f(1887-1960)@4著 |
| 702 | 0 | @a李肇翔@Ali zhao xiang@f(1953-)@4点校 |
| 801 | 0 | @aCN@b百万庄@c20211029 |
| 905 | @b1312525-26@dK22@e156:2@f2 | |
| 中华二千年史.卷二.两晋及南北朝/邓之诚著/李肇翔点校.-北京:中华书局,2019 |
| 327页;21cm |
| ISBN 978-7-101-13844-3:CNY36.00(全9册320.00) |
| 本书介绍了两晋及南北朝的历史,内容包括:晋及十六国世系、南北朝世系、两晋南北朝制度、两晋及南北朝之社会。 |
| ● |
| 相关链接 |
|
|
|
|
正题名:中华二千年史
索取号:K22/156:2
 
预约/预借
| 序号 | 登录号 | 条形码 | 馆藏地/架位号 | 状态 | 备注 |
| 1 | 1312525 | 213125250 | 第二样本阅览室/ [索取号:K22/156:2] | 在馆 | |
| 2 | 1312526 | 213125269 | 第二借阅区/ [索取号:K22/156:2] | 在馆 |